Porovnanie vnímania charizmy v akademickom a podnikateľskom prostredí

Charizma - definovanie pojmu podľa domácich a zahraničných autorov. Výskum vnímania charizmy vrcholovými lídrami. Charizma je pre vodcovstvo nevyhnutná, dá sa využiť, ale aj zneužiť.

Gespeichert in:
Bibliographische Detailangaben
1. Verfasser: Ljudvigová, Ivana
Format: Buchkapitel
Sprache:Slowakisch
Schlagworte:
Tags: Tag hinzufügen
Keine Tags, Fügen Sie das erste Tag hinzu!

MARC

LEADER 00000naa$a2200000$$$4500
001 0206843
005 20240502073432.0
041 0 |a slo 
044 |a SK 
245 1 0 |a Porovnanie vnímania charizmy v akademickom a podnikateľskom prostredí  |c Ivana Ljudvigová 
520 |a Charizma - definovanie pojmu podľa domácich a zahraničných autorov. Výskum vnímania charizmy vrcholovými lídrami. Charizma je pre vodcovstvo nevyhnutná, dá sa využiť, ale aj zneužiť. 
610 2 0 |a osobnosť 
610 2 0 |a riadenie vrcholové 
610 2 0 |a lídri 
100 1 |a Ljudvigová, Ivana